| 000 | 00776nam a22001937a 4500 | ||
|---|---|---|---|
| 005 | 20231012161438.0 | ||
| 010 | _aHIN-125989 | ||
| 020 |
_a9788179702338 _c350.00 |
||
| 035 | _aHN-98335 | ||
| 037 | _bDBAD/PUB | ||
| 082 |
_a230.1 _22021 _b1 |
||
| 100 |
_aचौहान, सुधा 'राज' _957802 |
||
| 245 |
_aबाल गीता / _cसुधा चौहान'राज' |
||
| 260 |
_aनई दिल्ली _bसमय प्रकाशन _c2021 |
||
| 270 |
_a4596/1-A, निकट टाइम्स ऑफ़ इंडिया बिल्डिंग 11- दरियागंज _bनई दिल्ली |
||
| 300 |
_a200 पृ. _c23 CM (सजिल्द) |
||
| 760 | _b2021 | ||
| 942 |
_2ddc _cHN _h230.1 _mचौहान |
||
| 999 |
_c198157 _d198157 |
||